| 000 | 00867nam a2200241Ia 4500 | ||
|---|---|---|---|
| 003 | OSt | ||
| 005 | 20221005112846.0 | ||
| 006 | a|||||r|||| 00| 0 | ||
| 007 | ta | ||
| 008 | 221004b |||||||| |||| 00| 0 pan d | ||
| 020 |
_a81877641279 (hbk) _c350 |
||
| 024 | _a96276 | ||
| 037 |
_b222, 01/01/2009, H.K. Prakashan _cTextual |
||
| 040 |
_aCRL _cCRL _bpan |
||
| 041 |
_2pan _apan |
||
| 082 | _aQ8441:21x, 153P7 | ||
| 100 | _aਮਰਵਾਹ, ਕਰਨਲ ਜਸਵੰਤ ਸਿੰਘ | ||
| 245 | 0 | _aਤੇਰਾ ੲਕ ਨਾਮ ਤਾਰੇ ਸੰਸਾਰ | |
| 260 |
_aਦਿੱਲੀ _bਐਚ ਕੇ ਪ੍ਰਕਾਨ ਭਾਰਤ _c2007 |
||
| 300 |
_a286ਪੰ _ccm. |
||
| 942 |
_hQ8441:21x, 153P7 _cTEXL _2cc |
||
| 999 |
_c1026209 _d1026209 |
||